Qué sucedió en la historia /
Guardado en:
| Autor Principal: | |
|---|---|
| Formato: | Libro |
| Publicado: |
Buenos Aires :
Leviat n,
1960
|
| Edición: | 2a. ed. |
| Materias: | |
| Etiquetas: |
Agregar Etiqueta
Sin Etiquetas, Sea el primero en etiquetar este registro!
|
| LEADER | 00468nam a22001695a 4500 | ||
|---|---|---|---|
| 001 | CEM.cems001633 | ||
| 005 | 20060214000000.0 | ||
| 008 | 130507s1960##################000#0#####d | ||
| 003 | CEMS | ||
| 082 | 0 | 4 | |a 900 |
| 100 | 1 | |a Childe, V. Gordon | |
| 245 | 1 | 0 | |a Qué sucedió en la historia / |c V. Gordon Childe |
| 250 | |a 2a. ed. | ||
| 260 | |a Buenos Aires : |b Leviat n, |c 1960 | ||
| 300 | |a 305 p. | ||
| 653 | |a Historia | ||
| 859 | |a CEMS |b BIB. CEMS - 11 de abril |h 900 |i C436-1a2 |p 3509.75 |t Ej.1 | ||
